000 00483nam a2200181Ia 4500
008 090123s9999 xx 000 0 und d
082 _b35376
100 _aराजे शैलजा
245 _aरिंगण
250 _a0
260 _bमनोरमा प्रकाशन
_c2003
300 _a148
600 _aराजे शैलजा
630 _aरिंगण
700 _aराजे शैलजा
730 _aरिंगण
942 _cBOOK
999 _c73435
_d73435